| 000 | 00729nam a2200217Ia 4500 | ||
|---|---|---|---|
| 003 | GCL | ||
| 008 | 140319s9999 xx 000 0 ara d | ||
| 040 |
_aGCL / _cGCL |
||
| 082 | 0 | 4 |
_a745.09 _bا ز |
| 100 | 1 | _aبدر الرفاعى | |
| 245 | 1 | 0 |
_aالزخرفة عبر التاريخ : _b256 نموذجا تمثل كافة مدارس الزخرفة / _cبدر الرفاعى |
| 700 | 1 | _aاودزلى، و . | |
| 700 | 1 | _aاودزلى، ج . | |
| 260 |
_aالقاهرة : _bمكتبة مدبولى |
||
| 300 |
_a11ص،60لوحة ؛ _c30 سم |
||
| 650 | 0 | 4 | _aالزخرفة |
| 650 | 0 | 4 | _aالتصميم الزخرفى |
| 650 | 0 | 4 | _aالفنى الزخرفى |
| 650 | 0 | 4 | _aالزخرفة - تاريخ |
| 942 |
_2ddc _cBK |
||
| 999 |
_c52005 _d52005 |
||